ბათუმის შოთა რუსთაველის სახელმწიფო უნივერსიტეტის ბიბლიოთეკა

სვანეთი : (ბიბ.ჩანაწერი № 59340)

000 -ლიდერი
ფიქსირებული სიგრძის საკონტროლო ველი 01449nam a22002777a 4500
003 - საკონტროლო ნომრის იდენტიფიკატორი
საკონტროლო ველი Ge_BSU
005 - ბოლო ოპერაციის თარიღი და დრო
საკონტროლო ველი 20230125113345.0
008 - ფიქსირებული სიგრძის მონაცემთა ელემენტები - ზოგადი ინფორმაცია
ფიქსირებული სიგრძის საკონტროლო ველი 230125s2022 ge ||||| |||| 00| 0 geo d
020 ## - წიგნის საერთაშორისო სტანდარტული ნომერი
International Standard Book Number 9789941495748
041 ## - ენის კოდი
Language code of text/sound track or separate title geo
080 ## - უნივერსალური ათობითი კლასიფიკაციის ინდექსი
Universal Decimal Classification number 94(479.22.23)+39(479.22.23) შ-17
100 ## - მთავარი ჩანაწერი - პიროვნების სახელი
Personal name შავიანიძე, დავით
9 (RLIN) 5521
245 ## - ცნობა სათაურის შესახებ
Title სვანეთი :
Remainder of title (ისტორიულ-ეთნოგრაფიული ნარკვევი) /
Statement of responsibility, etc დავით შავიანიძე ; რედაქტორი როლანდ თოფჩიშვილი.
264 ## - წარმოების, გამოცემის, დისტრიბუციის და სხვა ცნობები
გამოცემის, წარმოების, დისტრიბუციის... ადგილი ქუთაისი :
გამოცემის, წარმოების, დისტრიბუციის... სახელწოდება აკაკი წერეთლის სახელმწ. უნივერსიტეტის გამომცემლობა,
გამოცემის, წარმოების, დისტრიბუციის... თარიღი 2022.
300 ## - ფიზიკური აღწერა
Extent 394 გვ. :
Other physical details ილ. ;
Dimensions 20 სმ
500 ## - ზოგადი შენიშვნა
General note საკუთარ სახელთა საძიებელი: გვ. 359-376.
501 ## - შენიშვნა თანმხლებ მასალაზე
With note დასკვნა ინგლისურ და რუსულ ენებზე.
504 ## - BIBLIOGRAPHY, ETC. NOTE
Bibliography, etc ბიბლიოგრაფია: გვ. 353-358.
653 ## - INDEX TERM--UNCONTROLLED
Uncontrolled term ისტორია
653 ## - INDEX TERM--UNCONTROLLED
Uncontrolled term არქეოლოგია
653 ## - INDEX TERM--UNCONTROLLED
Uncontrolled term სვანეთი
653 ## - INDEX TERM--UNCONTROLLED
Uncontrolled term ეთნოგრაფია
700 ## - ADDED ENTRY--PERSONAL NAME
Personal name თოფჩიშვილი, როლანდ
Relator term რედაქტორი
9 (RLIN) 4620
773 ## - HOST ITEM ENTRY
Title ნაჩუქარი
942 ## - ADDED ENTRY ELEMENTS (KOHA)
Source of classification or shelving scheme
Koha item type წიგნი
ეგზემპლარები
ჩამოწერის სტატუსი დაკარგული ეგზემპლარის სტატუსი კლასიფიკაციის წყარო ან თაროზე გაწყობის სქემა დაზიანების სტატუსი არ გაიცემა მუდმივი მდებარეობა (დაცვის ადგილი) ამჟამინდელი ადგილსამყოფელი თაროზე განთავსების ადგილი შეძენის თარიღი ღირებულება, შესყიდვის ნორმალური ფასი სრული შენახვის შიფრი შტრიხკოდი ბოლო ოპერაციის თარიღი ეგზემპლარის მიმდევრობითი ნომერი (კეტერი?) ფასის ძალაში შესვლის თარიღი ეგზემპლარის სახეობა საჯარო შენიშვნა
          ბათუმის შოთა რუსთაველის სახელმწიფო უნივერსიტეტის მთავარი ბიბლიოთეკა ბათუმის შოთა რუსთაველის სახელმწიფო უნივერსიტეტის მთავარი ბიბლიოთეკა წიგნსაცავი 2023-01-25 8.00 94(479.22.23)+39(479.22.23) შ-17 63482 2023-01-25 63482 2023-01-25 წიგნი 8 ლ.